LDR 00791nam a2200217 i 4500 001 000000070217 003 CaOOAMICUS 005 20260429094917.0 008 130703s1843 xx u000 u fre u 013 $a41389 040 $aSeMil$bita 100 1 $aBacon, Francis,$d<1561-1626>.$0(OLS)http://semarc/name/2789 245 10$aDe la dignite et de l'accroissement des sciences. 300 $aLVII, 462 p. 773 0 $aBacon, Francis <1561-1626>$tOeuvres de Bacon.$dParis : Charpentier, 1843-$g1$w()4382 850 $aSeMil 852 $aSeMil$W1$xVenegono$y1$m2P II 138 FA$j36370$B36370$CSeMilBibl$Z2$F36373 $8I 941 1 $a10 961 $aRecupero: Mantegazza
996 $6245$aDe la dignite et de l'accroissement des sciences$9(OLS)http://semarc/title/112642